MAASAI MARA UNIVERSITY

LIBRARY CATALOGUE

Contact Us: +254 020 2685356/7 or 0774 057787

Box: 861-20500, NAROK, KENYA

Email: info@mmarau.ac.ke

Love and control: (Record no. 18270)

MARC details
000 -LEADER
fixed length control field 00618nam a22002177a 4500
001 - CONTROL NUMBER
control field 2167164
003 - CONTROL NUMBER IDENTIFIER
control field OSt
005 - DATE AND TIME OF LATEST TRANSACTION
control field 20200310105019.0
008 - FIXED-LENGTH DATA ELEMENTS--GENERAL INFORMATION
fixed length control field 160715b xxu||||| |||| 00| 0 eng d
010 ## - LIBRARY OF CONGRESS CONTROL NUMBER
LC control number 62051931
040 ## - CATALOGING SOURCE
Original cataloging agency MMU
Transcribing agency MMU
Modifying agency MMU
Language of cataloging eng
050 00 - LIBRARY OF CONGRESS CALL NUMBER
Classification number HQ1051
Item number .S813 1962
100 1# - MAIN ENTRY--PERSONAL NAME
Personal name Suenens, Léon Joseph,
245 10 - TITLE STATEMENT
Title Love and control:
Remainder of title the contemporary problem/
Statement of responsibility, etc. Léon Joseph,
250 ## - EDITION STATEMENT
Edition statement [2d rev. ed.]
260 ## - PUBLICATION, DISTRIBUTION, ETC. (IMPRINT)
Place of publication, distribution, etc. Westminster, Md:
Name of publisher, distributor, etc. Newman Press,
Date of publication, distribution, etc. c1961.
300 ## - PHYSICAL DESCRIPTION
Extent 200 p.;
Dimensions 20 cm.
650 #0 - SUBJECT ADDED ENTRY--TOPICAL TERM
Topical term or geographic name as entry element Marriage
906 ## - LOCAL DATA ELEMENT F, LDF (RLIN)
a 7
b cbc
c orignew
d u
e ocip
f 19
g y-gencatlg
942 ## - ADDED ENTRY ELEMENTS (KOHA)
Source of classification or shelving scheme Library of Congress Classification
Koha item type L
Holdings
Withdrawn status Lost status Source of classification or shelving scheme Damaged status Not for loan Home library Current library Date acquired Source of acquisition Total Checkouts Full call number Barcode Date last seen Date last checked out Price effective from Koha item type
    Library of Congress Classification     Maasai Mara University Library -Main Campus Maasai Mara University Library -Main Campus 07/15/2016 Donation 1 HQ1051 .S813 1962 201517025 03/14/2022 03/05/2022 07/15/2016 L
© 2016 Maasai Mara University.